Ecología y desarrollo : escalas y problemas de la dialéctica desarrollo-medio ambiente /
Tallennettuna:
| Yhteisötekijä: | |
|---|---|
| Muut tekijät: | |
| Aineistotyyppi: | Konferenssijulkaisu Kirja |
| Kieli: | espanja |
| Julkaistu: |
Madrid, España :
Universidad Complutense de Madrid,
1996, c1996
|
| Sarja: | (Club de Debate)
|
| Aiheet: | |
| Tagit: |
Ei tageja, Lisää ensimmäinen tagi!
|
MARC
| LEADER | 00000nam^a2200000^a^4500 | ||
|---|---|---|---|
| 001 | 000163354 | ||
| 005 | 20250521000000.0 | ||
| 009 | 20260310100904.58 | ||
| 020 | |a 84-89365-54-7 | ||
| 037 | |a Acervo ITESO - Biblioteca | ||
| 041 | |a ESP | ||
| 082 | |a 333. 7 |b FOR 1993 | ||
| 111 | |a Foro Ecología y Desarrollo ( |d 1993 : |c Centro Cultural de la Villa de Madrid) | ||
| 245 | 1 | 0 | |a Ecología y desarrollo : |b escalas y problemas de la dialéctica desarrollo-medio ambiente / |c Foro Ecología y Desarrollo ; ed. de F. Díaz Pineda ; pról. de José Antonio Verdejo, Eduardo del Río Cobián. |
| 264 | 4 | |a Madrid, España : |b Universidad Complutense de Madrid, |c 1996, c1996 | |
| 300 | |a 178 p. | ||
| 336 | |a texto |b txt |2 rdacontenido | ||
| 337 | |a sin mediación |b n |2 rdamedio | ||
| 338 | |a volumen |b nc |2 rdasoporte | ||
| 440 | 1 | |a (Club de Debate) | |
| 649 | |a XX | ||
| 650 | |a Cambio Climático | ||
| 650 | |a Capa de Ozono | ||
| 650 | |a Deforestación | ||
| 650 | |a Calentamiento de la Tierra | ||
| 650 | |a Impacto Ambiental | ||
| 650 | |a Biodiversidad | ||
| 650 | |a Recursos Naturales | ||
| 650 | |a Desarrollo Sustentable | ||
| 650 | |a Conservación y Protección Ambiental | ||
| 650 | |a Política Ambiental | ||
| 650 | |a Medio Ambiente | ||
| 650 | |a Ecología | ||
| 650 | |a Agricultura | ||
| 650 | |a Igualdad y Desigualdad | ||
| 650 | |a Desarrollo Tecnológico | ||
| 650 | |a Desarrollo Económico-Social | ||
| 650 | |a Economía | ||
| 700 | |a Díaz Pineda, Francisco |e (edición) | ||
| 910 | |a Fondo General | ||
| 920 | |a Impresos - Libros | ||
| 930 | |a Colección General | ||
| 905 | |a 101 | ||
| 901 | |a 0500096347 |b IT1 |c ACC |u 20250521 | ||
| 902 | |a https://opac.biblio.iteso.mx/vufind/Record/000163354 | ||